Particulars of a freehold farm known as the Cork Hill Farm, Normanton...and a block of valuable freehold (part formerly copyhold) accommodation grass land...to be offered for sale by auction by Messrs. Turner, Fletcher and Essex in conjunction with Messrs. Walker, Walton and Hanson at the 'Saracen's Head' Hotel, Southwell on Thursday the 19th day of November 1936... (Record no. 116504)

MARC details
000 -LEADER
fixed length control field 00927cam a22002055a 4500
001 - CONTROL NUMBER
control field L140860
008 - FIXED-LENGTH DATA ELEMENTS--GENERAL INFORMATION
fixed length control field 071016s1936 xxk eng u
035 ## - SYSTEM CONTROL NUMBER
System control number (Sirsi) u140860
041 0# - LANGUAGE CODE
Language code of text/sound track or separate title eng
110 2# - MAIN ENTRY--CORPORATE NAME
Corporate name or jurisdiction name as entry element Turner, Fletcher and Essex
9 (RLIN) 5392
245 00 - TITLE STATEMENT
Title Particulars of a freehold farm known as the Cork Hill Farm, Normanton...and a block of valuable freehold (part formerly copyhold) accommodation grass land...to be offered for sale by auction by Messrs. Turner, Fletcher and Essex in conjunction with Messrs. Walker, Walton and Hanson at the 'Saracen's Head' Hotel, Southwell on Thursday the 19th day of November 1936...
260 ## - PUBLICATION, DISTRIBUTION, ETC.
Place of publication, distribution, etc. S.l.
Name of publisher, distributor, etc. s.n.
Date of publication, distribution, etc. [1936]
300 ## - PHYSICAL DESCRIPTION
Extent [4] p.
Dimensions 34 cm.
340 ## - PHYSICAL MEDIUM
Material base and configuration Printed
351 ## - ORGANIZATION AND ARRANGEMENT OF MATERIALS
Hierarchical level Single item
651 4# - SUBJECT ADDED ENTRY--GEOGRAPHIC NAME
Geographic name Nottinghamshire
690 ## - LOCAL SUBJECT ADDED ENTRY--TOPICAL TERM (OCLC, RLIN)
Topical term or geographic name as entry element PROPERTY-PROPERTY ACQUISITION AND DISPOSAL-ACQUISITION AND DISPOSAL AT AUCTION
710 2# - ADDED ENTRY--CORPORATE NAME
Corporate name or jurisdiction name as entry element Walker, Walton and Hanson
9 (RLIN) 5375
942 ## - ADDED ENTRY ELEMENTS (KOHA)
Suppress in OPAC 0
Holdings
Withdrawn status Lost status Source of classification or shelving scheme Damaged status Not for loan Home library Current library Shelving location Date acquired Total Checkouts Full call number Barcode Date last seen Copy number Price effective from Koha item type
    Dewey Decimal Classification     London London Basement 16/10/2007   BASEMENT BOX 2 140860-1001 06/08/2019 1 06/08/2019 Archive